|
|
|
|
| LEADER |
00000cam a2200000 7i4500 |
| 001 |
0000000837 |
| 005 |
20220105103914.0 |
| 008 |
070703 |
| 020 |
|
|
|a 9831280660
|
| 090 |
0 |
0 |
|a JP
|b MOR ENG (393)
|
| 100 |
1 |
|
|a Helen Juliana
|
| 245 |
1 |
0 |
|a Suwara's eggs
|c Helen Juliana
|
| 260 |
|
|
|a Kuala Lumpur :
|b Penerbitan Fargoes ,
|c 2004
|
| 440 |
|
0 |
|a English moral science
|
| 500 |
|
|
|a Children age 4-6 years old (yellow)
|
| 650 |
|
0 |
|a English fiction
|
| 999 |
|
|
|a 0000897455
|b Book
|c Children Collection
|e Cawangan Segamat
|
| 999 |
|
|
|a 0000897456
|b Book
|c Children Collection
|e Cawangan Segamat
|
| 999 |
|
|
|a 0000897461
|b Book
|c Children Collection
|e Cawangan Tangkak
|
| 999 |
|
|
|a 0000897462
|b Book
|c Children Collection
|e Cawangan Tangkak
|
| 999 |
|
|
|a 0000953206
|b Book
|c Children Collection
|e Perbadanan Perpustakaan Awam Johor
|
| 999 |
|
|
|a 0000953207
|b Book
|c Children Collection
|e Cawangan Tmn. Ungku Tun Aminah
|
| 999 |
|
|
|a 0000953208
|b Book
|c Children Collection
|e Perbadanan Perpustakaan Awam Johor
|
| 999 |
|
|
|a 0000953209
|b Book
|c Children Collection
|e Perbadanan Perpustakaan Awam Johor
|
| 999 |
|
|
|a 0000953210
|b Book
|c Children Collection
|e Perbadanan Perpustakaan Awam Johor
|
| 999 |
|
|
|a 0000967420
|b Book
|c Children Collection
|e Cawangan Taman Universiti
|
| 999 |
|
|
|a 0000982178
|b Book
|c Children Collection
|e Perbadanan Perpustakaan Awam Johor
|
| 999 |
|
|
|a 0000982179
|b Book
|c Children Collection
|e Cawangan Tmn. Ungku Tun Aminah
|
| 999 |
|
|
|a 0000982180
|b Book
|c Children Collection
|e Perbadanan Perpustakaan Awam Johor
|
| 999 |
|
|
|a 0000982181
|b Book
|c Children Collection
|e Perbadanan Perpustakaan Awam Johor
|
| 999 |
|
|
|a 0000982182
|b Book
|c Children Collection
|e Cawangan Muar
|